அாிச்சுவடி /

Saved in:
Bibliographic Details
Format: Book
Language:English
Tamil
Published: கொழும்பு: பத்மம் பதிப்பகம்;
Subjects:
Tags: Add Tag
No Tags, Be the first to tag this record!

MARC

LEADER 00000nam a22000007a 4500
005 20260411132808.0
008 260411b |||||||| |||| 00| 0 eng d
041 |a tam 
082 |a 494.8111  |b அாிச் 
245 |a  அாிச்சுவடி / 
260 |a கொழும்பு:  |b பத்மம் பதிப்பகம்; 
300 |a 20 பக்.  |c 29.5 Cm. 
650 |a Tamil writing system, phonology, and alphabets/primers  |9 117297 
942 |c BK 
999 |c 71322  |d 71322